| 000 | 00497nam a2200157Ia 4500 | ||
|---|---|---|---|
| 999 |
_c20623 _d20623 |
||
| 082 | _aRR 463.21 SPA- | ||
| 245 | 0 | _aSpanish-English, English-Spanish dictionary: a new concise of words and phrases basic to the written and spoken languages of today | |
| 260 |
_aNew York _bPocket Books _c1960 |
||
| 300 | _axxxviii, 251p. | ||
| 504 | _aRef | ||
| 650 | _aSpanish language - Dictionaries | ||
| 650 | _aDictionaries, Spanish | ||
| 700 | _aBond, Otto F. | ||
| 700 | _aCastillo, Carlos | ||
| 942 | _cBK | ||